Statistiques concernant Culture Générale - Série 1210

Cliquez ici pour prendre le quiz!

Statistiques générales

  • Ce quiz a été pris 59 fois
  • Le résultat moyen est 6 sur 10

Statistiques - réponses

QuestionRéponse% Correct
Si vous avez passé vos vacances sur l'archipel des Canaries, dans quel pays étiez-vous ?Espagne
98%
Couramment, on appelle le ténia le "ver...solitaire
95%
Au cours de quel mois a lieu tous les ans la Fête de l'Humanité ?septembre
91%
À quelle ministre socialiste doit-on la loi sur les 35 heures en janvier 2000 ?Martine Aubry
69%
En 1983, quelle comédienne, prénommée Sandrine, est révélée par le film "A nos amours", de Maurice Pialat ?Sandrine Bonnaire
67%
En 2010, quel ancien joueur de foot est l'entraîneur du club anglais d'Arsenal ?Arsène Wenger
53%
Quel film avec Sigourney Weaver raconte la vie de Dian Fossey ?Gorilles dans la brume
38%
En 2003, quel pilote de bande dessinée Sagamore Stévenin incarne-t-il au cinéma ?Michel Vaillant
38%
Dans quel sport pourrez-vous soutenir les Spartiates d'Amiens, ou les Argonautes d'Aix-en-Provence ?football américain
27%
En 177, dans quelle ville sainte Blandine a-t-elle été martyrisée ?Lyon
25%

Distribution des résultats

Percentile par nombre de réponses

% des personnes avec chaque résultat

Votre développement - résultats

Vous n’avez pas pris ce quiz